Mediterranean Countries - Statistics

General Stats
  • This quiz has been taken 58 times
    31 since last reset
  • The average score is 21 of 22
Answer Stats
Hint Answer % Correct
African Algeria
100%
European Croatia
100%
African Egypt
100%
European France
100%
European Greece
100%
Asian Israel
100%
African Libya
100%
European Malta
100%
African Morocco
100%
European Spain
100%
Asian Turkey
100%
European Albania
97%
European Italy
97%
Asian Lebanon
97%
European Monaco
97%
European Slovenia
97%
Asian Syria
97%
African Tunisia
97%
European Bosnia and Herzegovina
93%
European Cyprus
93%
European Montenegro
90%
European United Kingdom
55%
No matching quizzes found
Score Distribution
Percent of People with Each Score
Percentile by Number Answered
Your Score History
You have not taken this quiz since the last reset